000 01519nam a2200361 c 4500
003 BLK
005 20240912115126.0
008 180408b bul|||||r ||||||| ||bul||
010 _aKNG00094694000
020 _a978-954-92263-3-1
_bиздат.: Агенция Ню импрес
040 _aBLK
041 _aBUL
_cBUL
080 _aАмериканска литература (на САЩ)
_b821.111(73)
_x-93-322.4
_z821.111(73)-93-322.4
100 1 _aСтайн, Робърт Лорънс
_eпърви автор
_9369934
700 1 _aЩерева, Елена Методиева
_eпрев.
_9302989
139 _aСтайн, Робърт Лорънс
_bС 62
245 1 0 _aДобре дошли в лагер Кошмар
_bЗабавен трилър за деца
_cРобърт Лорънс Стайн; прев. Елена Методиева Щерева.
257 _aUSA
260 София
_bАгенция Ню импрес
_c2009
_fСофия : Симолини-94
300 _a159 с.
_c20 см
380 _aDX
490 1 _aПоредица Goosebumps
500 _aОриг. загл. Welcome to Camp Nighmare.
653 _aлитература за деца
653 _aдетска литература
653 _aтрилъри
852 _aЦб 247346
856 4 _qpdf
_u
856 4 _qpdf
_u
942 _cKNG
_n0
_013
944 _aCR
_c04.03.2010
_lГрета Цуфелде
_k30537
944 _aED
_c28.11.2016
_lф /
_kВиолета_Тройчева
999 _c89971
_d89971